| 000 | 00897nam a2200253 a 4500 | ||
|---|---|---|---|
| 003 | OSt | ||
| 005 | 20251119093618.0 | ||
| 008 | |||
| 020 | _a007068460X (hardback) | ||
| 040 |
_cNUST _aNUST _beng _dNUST _erda |
||
| 050 | _aTJ163.5.B84 ENE | ||
| 100 |
_aDonald Watson _eEditor |
||
| 245 | 0 | 0 |
_aEnergy conservation through building design / _cedited by Donald Watson. |
| 260 |
_aNew York : _bMcGraw-Hill, _c©1979. |
||
| 300 |
_ax, 305 pages. : _billustrations. ; _c29 cm. |
||
| 336 |
_2rdacontent _atext _btxt |
||
| 337 |
_2rdamedia _aunmediated _bn |
||
| 338 |
_2rdacarrier _avolume _bnc |
||
| 504 | _aIncludes bibliographical references. | ||
| 650 | 0 |
_aBuildings _xEnergy conservation. |
|
| 650 | 0 | _aArchitecture and energy conservation. | |
| 700 | 1 |
_aWatson, Donald. _eeditor |
|
| 942 |
_cBOOKS _kTJ163.5.B84 _mENE _2lcc _hTJ163.5.B84 ENE _n0 |
||
| 999 |
_c164307 _d164307 |
||